000 00296nam a22001217a 4500
008 170511b xxu||||| |||| 00| 0 eng d
041 _aeng
080 _25 ED
_a34
100 _a15
101 _aSHJ
245 _aINTRUDUCTION TO LOGIC AND CRITICAL THINKING
_cSALMON.MH
942 _2udc
_cBK
999 _c13218
_d13218